00771nam a2200205 a 450000100060000000300080000600500170001400800410003103500190007204000470009104100080013808200220014610000330016824501070020124600760030826000590038430000210044365000610046465000400052518084BD-RjUL20211209000232.0140219t1966 enk 000 0 eng d a(BD-RjUL)18142 aDLCcLECdSERdOCLdEBCdEQOdBD-RjULbeng aeng00a809.933bADN 19661 aAdams, Robert Martin,d1915-10aNil :bepisodes in the literary conquest of void during the nineteenth century /cRobert Martin Adams.30aNil : episodes in the literary conquest of void during the 19th century aNew York ;aOxford :bOxford University Press,cc1966. a249 p. ;c21 cm. 0aLiterature, Moderny19th centuryxHistory and criticism. 0aNothing (Philosophy) in literature.